Personality Development And Soft Skills/ (Record no. 187567)

MARC details
000 -LEADER
fixed length control field 00587nam a22001817a 4500
005 - DATE AND TIME OF LATEST TRANSACTION
control field 20220422162818.0
010 ## - LCCN (DPL NO)
LC control number ENG-132368
020 ## - INTERNATIONAL STANDARD BOOK NUMBER
Terms of availability 1775.00
International Standard Book Number 9788181524140
035 ## - SYSTEM CONTROL NUMBER
System control number EN-115900
037 ## - SOURCE OF ACQUISITION
Source of stock number/acquisition DBAD/PUB
082 ## - DEWEY DECIMAL CLASSIFICATION NUMBER
Classification number 158.1
100 ## - MAIN ENTRY--PERSONAL NAME
Personal name Rajan, Smita
245 ## - TITLE STATEMENT
Title Personality Development And Soft Skills/
Statement of responsibility, etc Smita Rajan
260 ## - PUBLICATION, DISTRIBUTION, ETC. (IMPRINT)
Place of publication, distribution, etc Jaipur
Name of publisher, distributor, etc Book Enclave
Date of publication, distribution, etc 2017
270 ## - ADDRESS
Address F-11,S.S. Tower, Dhamani Street, Chaura Rasta
City Jaipur
Postal code 302003
Telephone number 91-141-2311900
Electronic mail address bookenclave@yahoo.com
300 ## - PHYSICAL DESCRIPTION
Extent iii, 290p.
Dimensions 24cm(pbk)
Other physical details Index
942 ## - ADDED ENTRY ELEMENTS (KOHA)
Source of classification or shelving scheme Dewey Decimal Classification
Item type English Books
Classification part 158.1
Call number suffix RAJ
Holdings
Withdrawn status Lost status Not for loan Collection code Home library Current library Date acquired Source of acquisition Cost, normal purchase price Full call number Barcode Copy number Cost, replacement price Koha item type
      Non-fiction Bawana Bawana 22/04/2022 DBAD/PUB 1775.00 158.1 RAJ EN-115900 1 1775.00 English Books

© Delhi Public Library
Hit Counter
free hit counter